000 00513nam a2200193 a 4500
001 1774864617528
003 YourLibrary
005 20260330153038.0
008 260330s2006##################000#0#eng##
020 _a9781412916349
082 0 4 _a361.00688
_bAND
100 1 _aAndreasen, Alan R.,
_eauthor.
245 1 0 _aSocial Marketing in the 21st Century :
260 _bSAGE,
_c2006.
300 _a281 pages
650 0 _aBusiness & Economics.
942 _cENGLISH
040 _aYourLibrary
_beng
_cYourLibrary
999 _c618353
_d618353